Los modernos (Record no. 8141)

MARC details
000 -CABECERA
campo de control de longitud fija 01086nam a2200265 a 4500
001 - NÚMERO DE CONTROL
campo de control BRCA_8474
005 - FECHA Y HORA DE LA ÚLTIMA TRANSACCIÓN
campo de control 20190320210311.0
008 - DATOS DE LONGITUD FIJA--INFORMACIÓN GENERAL
campo de control de longitud fija 170216s2015----mx-a######---#000-0#spa-#
020 ## - NÚMERO INTERNACIONAL ESTÁNDAR DEL LIBRO
Número Internacional Estándar del Libro 9786076053638
020 ## - NÚMERO INTERNACIONAL ESTÁNDAR DEL LIBRO
Número Internacional Estándar del Libro 9788494441554 (El Viso)
041 ## - CÓDIGO DE LENGUA
Código de lengua del texto/banda sonora o título independiente spa
044 ## - CÓDIGO DEL PAÍS DE LA ENTIDAD EDITORA/PRODUCTORA
Código MARC del país mx
050 #4 - SIGNATURA TOPOGRÁFICA DE LA BIBLIOTECA DEL CONGRESO
Número de clasificación N6450
Número de documento/Ítem .M63 2015
245 10 - MENCIÓN DE TÍTULO
Título Los modernos
Mención de responsabilidad, etc. textos Agustín Arteaga ... [et al.].
260 ## - PUBLICACIÓN, DISTRIBUCIÓN, ETC.
Lugar de publicación, distribución, etc. México
Nombre del editor, distribuidor, etc. Instituto Nacional de Bellas Artes y Literatura : MUNAL : Musée des Beaux-Arts de Lyon
Fecha de publicación, distribución, etc. 2015
300 ## - DESCRIPCIÓN FÍSICA
Extensión 367 p.
Otras características físicas il. a color
Dimensiones 26 cm.
500 ## - NOTA GENERAL
Nota general Incluye biografías de artistas, glosario y lista de obra
500 ## - NOTA GENERAL
Nota general Incluye piezas de la colección Franz Mayer: p. 147
500 ## - NOTA GENERAL
Nota general Catálogo de la exposición realizada en el Museo Nacional de Arte (Ciudad de México), 11 noviembre 2015 - 3 abril 2016 y en el Museo de las Artes de la Universidad de Guadalajara, abril - julio 2016
504 ## - NOTA DE BIBLIOGRAFÍA, ETC.
Nota de bibliografía, etc. Bibliografía : p. 301-303
546 ## - NOTA DE LENGUA/LENGUAJE
Nota de lengua/lenguaje Texto en : español e inglés
650 14 - PUNTO DE ACCESO ADICIONAL DE MATERIA--TÉRMINO DE MATERIA
Término de materia o nombre geográfico como elemento de entrada Arte moderno
Subdivisión cronológica Siglo XX
9 (RLIN) 1863
700 1# - PUNTO DE ACCESO ADICIONAL--NOMBRE DE PERSONA
Nombre de persona Arteaga, Agustín
9 (RLIN) 5499
942 ## - ELEMENTOS DE PUNTO DE ACCESO ADICIONAL (KOHA)
Fuente del sistema de clasificación o colocación Library of Congress Classification
Tipo de ítem Koha Libros
Holdings
Estado de retiro Estado de pérdida Estado dañado No para préstamo Localización permanente Ubicación/localización actual Fecha de adquisición Total de préstamos Signatura topográfica completa Código de barras Fecha visto por última vez Precio válido a partir de Tipo de ítem Koha
El ejemplar forma parte de la colección y puede ser consultado según las políticas vigentes.       Biblioteca del Museo Franz Mayer (Rogerio Casas-Alatriste) Biblioteca del Museo Franz Mayer (Rogerio Casas-Alatriste) 16/02/2016   N6450 .M63 2015 02916 22/03/2019 22/03/2019 Libros